| 000 | 00706nab a2200193 4500 | ||
|---|---|---|---|
| 001 | 244442 | ||
| 003 | OSt | ||
| 005 | 20230607160002.0 | ||
| 007 | tu | ||
| 008 | 200917s2020||||||| | ||
| 040 |
_aDE-2950 _cDE-2950 |
||
| 245 | 0 | 0 |
_aVerwaltung bedankt sich mit einem Fest. _bSanierung. Seit mehr als dreieinhalb Jahren ist das Rathaus eine Baustelle. Doch das voraussichtliche Ende der Arbeiten rückt nun immer näher. Auf das bisher erreichte wurde bei einer Feier zurückgeblickt / _cSelim Pekel |
| 264 | _c2023 | ||
| 653 | _aFrankfurt (Oder) | ||
| 653 | _aRathaus | ||
| 653 | _aSanierung | ||
| 773 | 0 |
_g34. Jahrgang (2023) Nr. 127 vom 03.06.2023, S. 20: mit Foto _tMärkische Oderzeitung |
|
| 942 |
_2z _cA |
||
| 999 |
_c372523 _d372523 |
||